000
00261nam a22001217a 4500
003
SGT
082
_a
617.3
_b
S10R
100
_a
ROHILLA,NARENDER
245
_a
SMART STUDY SERIES ORTHOPEDIC
260
_a
INDIA
_b
ELSEVIER
_c
2010
300
_a
361
942
_2
ddc
_c
BK
999
_c
14155
_d
14155